Statystyki dla 12 miesięcy w 15 sekund

Kliknij tutaj aby rozwiązać quiz!

Ogólne statystyki

  • Ten quiz został rozwiązany 502 razy
  • Średni wynik to 7 z 12

Statystyki odpowiedzi

LiczbaMiesiąc% Poprawnych
3.Marzec
96%
1.Styczeń
96%
2.Luty
95%
4.Kwiecień
88%
5.Maj
84%
6.Czerwiec
74%
7.Lipiec
69%
8.Sierpień
54%
9.Wrzesień
32%
10.Październik
22%
11.Listopad
20%
12.Grudzień
12%

Rozkład punktacji

Percentyl według liczby udzielonych odpowiedzi

Procent ludzi z każdym wynikiem

Twoja historia wyników

Nie rozwiązałeś tego quizu